000 nam a22 a 4500
999 _c56538
_d56538
003 BLK
005 20230302162747.0
008 180408b bul|||||r ||||||| ||bul||
010 _aKNG00060520000
040 _aBLK
041 _aBUL
_cBUL
080 _aТеория на литературата. Литературна техника
_b82.01/.09
_z82.01/.09
100 1 _aГеоргиев, Никола
_eпърви автор
_gАндреев, Никола Георгиев
_9364530
139 _aГеоргиев, Никола
245 1 0 _aЦитиращият човек в художествената литература
_bИзследване
_cНикола Георгиев.
257 _aBGR
260 _aСофия
_bУнив. изд. Св. Климент Охридски
_bСъюз на филолозите българисти
_c1992
300 _a117 с.
_c20 см
380 _a82
490 _aБиблиотека език и литература
_v2
_9202601
852 _aЦб 169656
856 4 _qpdf
_i0.00
_ldisable
856 4 _qpdf
_i0.00
_ldisable
942 _cKNG
_n0
_s1
944 _aCR
_c13.06.2004
_kЧиталня
944 _aED
_c21.02.2017
_kКина_Георгиева
999 _d56538